000 00260nam a22001097a 4500
008 170110b xxu||||| |||| 00| 0 eng d
020 _a9780781757928
041 _aeng
080 _a618.2
245 _aSTEP-UP TO USMLE STEP 2
_cCAN KLEUNEN, J.P
942 _2udc
_cBK
999 _c2661
_d2661